| 000 | 01435cam a22003011ia4500 | ||
|---|---|---|---|
| 003 | SA-RiAUC | ||
| 005 | 20250420092106.0 | ||
| 008 | 241022s1999 le g 00000 ara c | ||
| 040 |
_aQA-DoFIS _bara _cSA-RiAUC. _erda |
||
| 050 | 4 | _b.A28 1999 | |
| 050 | 4 | _bA28 1999 | |
| 082 | 0 | 4 |
_a251 _qSA-RiAUC |
| 090 |
_a251 _bأ ب و و |
||
| 100 | 1 |
_aأبو الوفاء البغدادي، علي بن عقيل بن محمد، _d431-513 هجري _eمؤلف. |
|
| 245 | 1 | 2 |
_aالواضح في أصول الفقه / _cأبو الوفاء علي بن عقيل البغدادي الحنبلي ؛ تحقيق عبد الله بن عبد المحسن التركي. |
| 250 | _aالطبعة الأولى. | ||
| 264 | 1 |
_aبيروت : _bمؤسسة الرسالة، _c1999 |
|
| 300 |
_a5 مجلد ؛ _c24 سم |
||
| 336 |
_aنص _btxt _2rdacontent _3كتاب |
||
| 337 |
_aبدون وسيط _bn _2rdamedia |
||
| 338 |
_aمجلد _bnc _2rdacarrier |
||
| 500 | _aالمكتبة لا يتوافر بها مجلد 4. | ||
| 650 | 7 |
_aأصول الفقه الإسلامي _2aucsh |
|
| 700 | 1 | 2 |
_iتحقيق لـ (عمل) : _aأبو الوفاء البغدادي، علي بن عقيل بن محمد، _d431-513 هجري. _tالواضح في أصول الفقه |
| 700 | 1 |
_aالتركي، عبد الله بن عبد المحسن، _d1359 هجري- _eمحقق. |
|
| 942 |
_2ddc _cBOOK _n0 |
||
| 949 |
_aSA-JeALM _d241022 _umohamedma123 _n1 |
||
| 999 |
_c1568 _d1568 |
||